Sanat - Ievan Polkka - Statistics

Yleistilastot
  • Tätä visaa on pelattu 167 kertaa
  • Keskiarvotulos 84 / 201
Vastaustilastot
Vastaus % Oikein
se
93%
ku
91%
Ieva
87%
ja
87%
tahti
83%
ei
81%
Ievan
78%
kuulu
78%
polokan
77%
kun
73%
laitaa
73%
äiti
72%
haittaa
72%
laiasta
72%
kutkutti
71%
Salivili
66%
jutkutti
64%
laitaan
63%
vaan
62%
myö
60%
äppyt
59%
vahti
58%
Nuapurista
57%
tipput
57%
hipput
56%
jalakani
56%
oli
56%
sen
56%
Sen
56%
hilijalleen
55%
tupput
55%
täppyt
54%
tanssimme
53%
kiellot
52%
suu
52%
pohjii
51%
jo
49%
meitä
49%
sillä
48%
kyllähän
46%
vehnäsellä
46%
ämmä
44%
ko
44%
viulu
43%
märkänä
40%
tätä
40%
jokaisella
39%
silloin
39%
immeiset
38%
kammarissa
36%
onnee
36%
sillon
35%
tyttöä
35%
poika
34%
tyttöösä
34%
vinku
34%
toevotti
32%
virsiä
32%
voevotti
31%
minä
30%
Minä
30%
veisata
29%
ämmän
28%
naapurissa
25%
poikoo
25%
märkyys
23%
Peä
23%
laskoo
22%
en
19%
tämä
19%
mitäpä
18%
ämmät
17%
siitä
16%
ni
15%
nuijjuutti
14%
sanon
14%
Ievasta
13%
luovu
13%
Eikä
12%
Ievalle
12%
makkoomaa
12%
mua
12%
akkoja
11%
jotta
11%
luusi
11%
Siellä
11%
tukkee
11%
huijjuutti
10%
laskemma
10%
murjuus
10%
nielasta
10%
suusi
10%
tanssii
10%
ittään
9%
lännestä
9%
lystiä
9%
määt
9%
pittää
9%
soiton
9%
sun
9%
ite
8%
kerran
8%
niin
8%
purra
8%
vaikka
8%
alako
7%
sain
7%
vielähi
7%
hellyys
6%
kainous
6%
Kottiin
6%
ruppee
6%
huhkii
5%
Muorille
5%
Suat
4%
sytkyyttee
4%
takkoomaa
4%
terveyttäs
4%
jäläkeen
3%
korjoot
3%
männä
3%
riitelj
3%
Terveenä
3%
voan
3%
mäntii
2%
peäset
2%
nyyhkyytteek
1%
Ehtoja vastaavia visoja ei löytynyt
Tulosjakauma
Jokaisen tuloksen saaneiden osuus
Persentiili vastausten määrän mukaan
Tuloshistoriasi
Et ole pelannut tätä visaa